[Event "JBLN Ost 0102"]
[Site "Germany"]
[Date "2002.06.02"]
[Round "?"]
[White "Kunth, Andreas"]
[Black "Baustein, Falko"]
[Result "1-0"]
[WhiteElo "1655"]
[BlackElo "945"]
[PlyCount "81"]
[EventDate "2002.10.??"]
[EventType "team"]
[EventRounds "9"]
[EventCountry "GER"]
[SourceTitle "EXT 2005"]
[Source "ChessBase"]
[SourceDate "2004.11.15"]
[SourceVersion "1"]
[SourceVersionDate "2004.11.15"]
[SourceQuality "1"]

1. e4 e6 2. Qe2 Nf6 3. d3 Be7 4. g3 b6 5. Bg2 Bb7 6. Nf3 h6 7. h3 Nh7 8. Nc3 d6 9. Be3 Nd7 10. Nh2 Rb8 11. f4 e5 12. 0-0-0 Bf6 13. Ng4 exf4 14. Nxf6+ Nhxf6 15. gxf4 Qe7 16. Rde1 Kd8 17. Bf2 Re8 18. Bh4 a6 19. d4 Kc8 20. e5 Bxg2 21. Qxg2 dxe5 22. fxe5 Qf8 23. exf6 gxf6 24. Qc6 f5 25. Nd5 Rb7 26. Rxe8+ Qxe8 27. Re1 Qf8 28. Ne7+ Kb8 29. Qxd7 Ka8 30. Nc6 Qg8 31. Re8+ Rb8 32. Rxb8+ Qxb8 33. Nxb8 Kxb8 34. Bd8 f6 35. Bxc7+ Kb7 36. Bd8+ Kb8 37. Bxb6 Ka8 38. Qc6+ Kb8 39. Qc7+ Ka8 40. a3 a5 41. Qc8# 1-0